Pocciickie diplomaty v Ispanii, 1667-2017 = (Record no. 190411)

MARC details
000 -LEADER
campo de control de longitud fija 01089nam a2200265 i 4500
001 - NÚMERO DE CONTROL
campo de control 190411
003 - IDENTIFICADOR DE NÚMERO DE CONTROL
campo de control ES-MaACL
005 - FECHA Y HORA DE LA ÚLTIMA TRANSACCIÓN
campo de control 20240108152800.0
008 - DATOS DE LONGITUD FIJA--INFORMACIÓN GENERAL
campo de control de longitud fija 210322s2016 ru af 001 0 spa d
020 ## - NÚMERO INTERNACIONAL ESTÁNDAR DEL LIBRO
Número Internacional Estándar del Libro 978-5-7133-1557-3
245 00 - MENCIÓN DEL TÍTULO
Título Pocciickie diplomaty v Ispanii, 1667-2017 =
Resto del título Diplomáticos rusos en España, 1667-2017.
246 31 - FORMA VARIANTE DEL TITULO
Título propio/Titulo breve Diplomáticos rusos en España, 1667-2017
260 ## - PUBLICACIÓN, DISTRIBUCIÓN, ETC.
Lugar de publicación, distribución, etc. Mockba = Moscú :
Nombre del editor, distribuidor, etc. Mezhdunarodnye otnoshenia,
Fecha de publicación, distribución, etc. 2016.
300 ## - DESCRIPCIÓN FÍSICA
Extensión 670 p., [8] p. de lám. col. :
Otras características físicas il. ;
Dimensiones 25 cm.
500 ## - NOTA GENERAL
Nota general Índices.
504 ## - NOTA DE BIBLIOGRAFÍA, ETC.
Nota de bibliografía, etc. Bibliografía: p. 611-626.
546 ## - NOTA DE IDIOMA
Nota de lengua/lenguaje Texto en ruso y español.
594 ## - Nota al título y mención de responsabilidad
Nota al título y mención de responsabilidad Precede al tít. en español: Universidad Nacional de Investigación "Escuela Superior de Economía"
650 00 - PUNTO DE ACCESO ADICIONAL DE MATERIA--TÉRMINO DE MATERIA
Término de materia o nombre geográfico como elemento de entrada Diplomáticos-
Subdivisión geográfica España-
Subdivisión de forma Historia.
9 (RLIN) 11919
651 #4 - PUNTO DE ACCESO ADICIONAL DE MATERIA--NOMBRE GEOGRÁFICO
Nombre geográfico Rusia-
Subdivisión general Relaciones-
Subdivisión geográfica España.
9 (RLIN) 170137
651 #4 - PUNTO DE ACCESO ADICIONAL DE MATERIA--NOMBRE GEOGRÁFICO
Nombre geográfico España-
Subdivisión general Relaciones-
Subdivisión geográfica Rusia.
9 (RLIN) 170136
852 ## - LOCALIZACIÓN
Ubicación ES-MaACL
Sublocalización o colección R.152555
Ubicación en estantería Depósito 1
Signatura antigua Olim: N-7608
itemnumber 197588
Donativo/Legado Donacion: Editorial
Encuadernación Encuadernación en cartoné
942 ## - ELEMENTOS DE ENTRADA SECUNDARIOS (KOHA)
Fuente del sistema de clasificación o colocación Clasificación decimal universal
Holdings
Estatus retirado Estado de pérdida Fuente del sistema de clasificación o colocación Estado de daño No para préstamo Biblioteca de origen Biblioteca actual Ubicación en estantería Fecha de adquisición Fuente de adquisición Total de préstamos Signatura topográfica completa Código de barras Visto por última vez Precio de reemplazo Tipo de ítem Koha
    Clasificación decimal universal     Biblioteca del Ateneo de Madrid Biblioteca del Ateneo de Madrid Depósito 1 22/03/2021 Donación   A-14608 1202434 23/02/2023 23/02/2023 Libro impreso